ბათუმის შოთა რუსთაველის სახელმწიფო უნივერსიტეტის ბიბლიოთეკა

ჩვენი კოცონი (ბიბ.ჩანაწერი № 48554)

000 -LEADER
fixed length control field 00833nam a2200217Ia 4500
001 - CONTROL NUMBER
control field 15451
003 - CONTROL NUMBER IDENTIFIER
control field GE_BSU
008 - FIXED-LENGTH DATA ELEMENTS--GENERAL INFORMATION
fixed length control field 181216s||||||||xx |||||||||||||| ||und||
040 ## - CATALOGING SOURCE
Transcribing agency GE_BSU
080 ## - UNIVERSAL DECIMAL CLASSIFICATION NUMBER
Universal Decimal Classification number 82-93:821.353.1
245 ## - TITLE STATEMENT
Title ჩვენი კოცონი
245 ## - TITLE STATEMENT
Remainder of title საბავშვო მხატვრული ნაწარმოებების კრებული
245 ## - TITLE STATEMENT
Statement of responsibility, etc. რედ. ნ.ბეზარაშვილი. მხატვ.თ.სამსონაძე
260 ## - PUBLICATION, DISTRIBUTION, ETC.
Place of publication, distribution, etc. თბილისი
260 ## - PUBLICATION, DISTRIBUTION, ETC.
Name of publisher, distributor, etc. ნაკადული
260 ## - PUBLICATION, DISTRIBUTION, ETC.
Date of publication, distribution, etc. 1964
300 ## - PHYSICAL DESCRIPTION
Extent 164გვ.22სმ.
653 ## - INDEX TERM--UNCONTROLLED
Uncontrolled term საბავშვო მხატვრული ნაწარმოებების კრებული
653 ## - INDEX TERM--UNCONTROLLED
Uncontrolled term ჩვენი კოცონი
942 ## - ADDED ENTRY ELEMENTS (KOHA)
Koha item type წიგნი
ეგზემპლარები
Withdrawn status Lost status Damaged status Not for loan Date acquired Barcode Date last seen Price effective from Koha item type
        2018-12-17 38469 2018-12-17 2018-12-17 წიგნი